01169nam a2200193Ia 4500001001000000003001000010008004100020040002500061041001400086100003800100245005700138250001100195260008700206300001200293500026000305501011400565520026000679650003600939L208-2795IT-CnALBA170116s9999||||xx |||||||||||||| ||und|| aIT-CnALBAcIT-CnALBA aFRANCESE  aAGOSTINO D'IPPONAgSANTO, DOTTORE 0aLES PLUS BEAUX SERMONS DE SAINT AUGUSTIN. TOME III.  a1a ed. a PARIS.bMAISON DE LA BONNE PRESSE c1934 [1° Ed.:1934 - Ed.Ling.Originale: 1934] a434 p.  aCURATORE E TRADUZIONE DI HUMEAU G. INDICE ANALITICO DELLA MATERIA. ADULTERIO GIURAMENTO. NATALE. QUARESIMA. SIMBOLO DEGLI APOSTOLI. EUCARESTIA. RISURREZIONE. CRISTO RISORTO E LA MADDALENA. GIOIA PASQUALE. ASCENSIONE. PENTECOSTE. SANTI. SAN VINCENZO. S. PA aSocietà San Paolo EM - Piazza San Paolo, 14 - 12051 ALBA (CN) (non commercial uses only) ® Copyright 2017 aCURATORE E TRADUZIONE DI HUMEAU G. INDICE ANALITICO DELLA MATERIA. ADULTERIO GIURAMENTO. NATALE. QUARESIMA. SIMBOLO DEGLI APOSTOLI. EUCARESTIA. RISURREZIONE. CRISTO RISORTO E LA MADDALENA. GIOIA PASQUALE. ASCENSIONE. PENTECOSTE. SANTI. SAN VINCENZO. S. PA aPADRI E SCRITTORI ECCLESIASTICI